L'accumulation du capital (Record no. 12817)
[ view plain ]
| 000 -LEADER | |
|---|---|
| fixed length control field | 00574 a2200253 4500 |
| 035 ## - SYSTEM CONTROL NUMBER | |
| System control number | 01466 |
| 035 ## - SYSTEM CONTROL NUMBER | |
| System control number | 01469 |
| 020 ## - NUMERO INTERNATIONAL NORMALISE DES LIVRES | |
| International Standard Book Number | 2-7071-0174-5 |
| 020 ## - NUMERO INTERNATIONAL NORMALISE DES LIVRES | |
| International Standard Book Number | 2-7071-0175-3 |
| 100 ## - VEDETTE PRINCIPALE - NOM DE PERSONNE | |
| Personal name | LUXEMBOURG,Rosa |
| 130 ## - VEDETTE PRINCIPALE - TITRE UNIFORME | |
| Language of a work | Fr. |
| 260 ## - PUBLICATION, DISTRIBUTION, ETC. (IMPRINT) | |
| Place of publication, distribution, etc | Paris |
| 260 ## - PUBLICATION, DISTRIBUTION, ETC. (IMPRINT) | |
| Name of publisher, distributor, etc | Maspero |
| 245 ## - TITLE STATEMENT | |
| Title | L'accumulation du capital |
| 260 ## - PUBLICATION, DISTRIBUTION, ETC. (IMPRINT) | |
| Date of publication, distribution, etc | 1976 |
| 300 ## - PHYSICAL DESCRIPTION | |
| Other physical details | 2v. ; 22 cm |
| 440 ## - SERIES STATEMENT/ADDED ENTRY--TITLE | |
| Number of part/section of a work | 11 |
| 440 ## - SERIES STATEMENT/ADDED ENTRY--TITLE | |
| Title | (Bibilothèque socialiste) |
| 500 ## - GENERAL NOTE | |
| General note | Titre origial : Die akkumulation des Kapitals |
| 700 ## - ADDED ENTRY--PERSONAL NAME | |
| Personal name | PETIT, Iréne |
| Withdrawn status | Lost status | Damaged status | Not for loan | Location (home branch) | Sublocation or collection (holding branch) | Date acquired | Koha issues (times borrowed) | Koha full call number | Koha date last seen | Price effective from | Koha item type |
|---|---|---|---|---|---|---|---|---|---|---|---|
| Bibliothèque Ecole Polytechnique d'Abomey-Calavi | Bibliothèque Ecole Polytechnique d'Abomey-Calavi | 27/02/2009 | 332.041/L977a | 27/02/2009 | 27/02/2009 | Livre |